000 00650nam a2200241Ia 4500
003 OSt
005 20220924114158.0
006 a|||||r|||| 00| 0
007 ta
008 220923b |||||||| |||| 00| 0 hin d
024 _a59588
037 _cTextual
040 _aARTS
_cARTS
_bhin
041 _2hin
_ahin
082 _aQ2:4:g, 152M91 (P15)
100 _aRavindra Nath
_9172262
245 0 _aDharma sastriya vidhi paddhati
260 _aAllahabad
_bKitab Mahal
_c1989
300 _aii,244p.
_ccm.
650 _aRELIGION
942 _hQ2:4:g, 152M91 (P15)
_cTEXL
_2CC
999 _c392313
_d392313